| 000 | 00945nam a2200229 a 4500 | ||
|---|---|---|---|
| 001 | 000388101 | ||
| 003 | AM-YeHGA | ||
| 005 | 20250618072329.0 | ||
| 008 | 041126s1984 ai 000 | arm d | ||
| 040 | _aAM-YeHGA | ||
| 041 | 0 | _aarm | |
| 100 | 1 |
_aԹամանյան, Յուլի Ալեքսանդրի _96518 |
|
| 245 | 1 | 0 |
_aԲջնի / _cՅ.Ա. Թամանյան; Նկ.՝ Օ.Ս. Ասատրյան; ՀՍՍՀ Պատմ. և կուլտ. հուշարձանն. պհպ. ընկ. |
| 246 | 1 | _aБжни | |
| 260 |
_aԵրևան : _bՀայաստան, _c1984. |
||
| 300 |
_a4 ծալ. թ. : _bլուսանկ. ; _c17 սմ. |
||
| 650 | 1 | 4 |
_aՃարտարապետություն _xԵկեղեցիներ, տաճարներ _95293 |
| 651 | 4 | _aԲջնի | |
| 700 | 1 |
_aԱսատրյան, Օ.Ս. _eնկ. _4art |
|
| 710 | 2 | _aՊատմության և կուլտուրայի հուշարձանների պահպանության ընկերություն ՀՍՍՀ | |
| 090 | _c148892 | ||
| 999 |
_c147505 _d147505 |
||